Statistics for Detroit Red Wings Roster (2018-2019)

Click here to take the quiz!

General Stats

  • This quiz has been taken 29 times
  • The average score is 17 of 24

Answer Stats

Player # and PositionPlayer% Correct
35 (G)Jimmy Howard
96%
71 (C)Dylan Larkin
92%
8 (LW)Justin Abdelkader
88%
39 (RW)Anthony Mantha
88%
45 (G)Jonathan Bernier
85%
25 (D)Mike Green
85%
55 (D)Niklas Kronwall
81%
43 (LW)Darren Helm
77%
14 (RW)Gustav Nyquist
77%
72 (C)Andreas Athanasiou
73%
65 (D)Danny DeKeyser
73%
59 (LW)Tyler Bertuzzi
73%
41 (C)Luke Glendening
69%
83 (D)Trevor Daley
69%
52 (D)Jonathan Ericsson
65%
21 (D)Dennis Cholowski
58%
3 (D)Nick Jensen
58%
51 (C)Frans Nielsen
58%
42 (RW)Martin Frk
54%
26 (LW)Thomas Vanek
54%
61 (LW)Jacob de la Rose
46%
27 (C)Michael Rasmussen
46%
28 (RW)Luke Witkowski
42%
2 (D)Joe Hicketts
42%

Score Distribution

Percentile by Number Answered

Percent of People with Each Score

Your Score History

You have not taken this quiz